000 00853nam a2200217 a 4500
003 0
005 20250305143457.0
008 090706s19uu xx 00 eng d
050 _aPGS QR 201.S8
_b.Se478 2009
100 _aSenson, Mariah Carmella Bianca O.
245 _aEffect of cow urine to Staphylococcus aureus /
_cMariah Carmella Bianca O. Senson.
260 _aLas PiƱas City, Philippines :
_bSouthville International School and Colleges,
_c2009.
300 _a29 pages :
_billustrations ;
_c28 cm.
504 _aIncludes bibliographical references.
650 _aStaphylococcus aureus
_vEffect of temperature on.
650 _aMicrobial growth
_vEnvironmental factors.
650 _aUrine
_vComposition and properties.
650 _aCattle
_vUrine.
650 _aAntibacterial properties of natural substances.
942 _2lcc
_cPASS
999 _c98205
_d98205